| 000 | 01115nam a2200229 a 4500 | ||
|---|---|---|---|
| 001 | 000029768 | ||
| 003 | DO-SdBNP | ||
| 005 | 20180305143459.0 | ||
| 008 | 110425s1995 dr 000 0 spa d | ||
| 040 |
_aBNPHU _bspa _cBNPHU |
||
| 049 | _aBPMSU | ||
| 092 |
_axxxx _bM692 |
||
| 100 | 1 |
_aVicioso, Chiqui _qLuisa Sheresada Vicioso |
|
| 245 | 1 | 0 |
_aMódulo de capacitación en género / _cLuisa Sheresada Vicioso. |
| 260 |
_aSanto Domingo : _bPublicación CIFD : _bUNICEF, _c1995. |
||
| 300 |
_av. ; _c26 cm. |
||
| 500 | _aLa biblioteca posee el v. 3 | ||
| 505 | 0 |
_gMódulo 1 _tDe "mujer y desarrollo" "a mujer y género" --- _rDanièle Brady -- _gMódulo 2 _t"La discriminación sexual como construcción social" -- _rEveline Pressoir -- _gMódulo 3 _tTrabajar no para las mujeres si no con ellas -- _rLuisa Sherezada Vicioso Chiqui (Chiqui) -- _gMódulo 4 _t"la mujeres en contra de ellas mismas" -- _rEveline Pressoir -- _gMódulo v. 5 _tEn busca de oportunidades iguales -- _rLuisa Sherezada Vicioso Chiqui (Chiqui) -- |
|
| 942 |
_2ddc _cBK |
||
| 945 | _aInventariado, 2018 /LP | ||
| 956 |
_aVMATEO _b10 _c20170214 _l0069 _hBPMSU |
||
| 999 |
_c12549 _d12549 |
||